Stalin y sus crímenes / (Record no. 147080)

MARC details
000 -LEADER
campo de control de longitud fija 00778nam a2200229 i 4500
001 - NÚMERO DE CONTROL
campo de control 147080
003 - IDENTIFICADOR DE NÚMERO DE CONTROL
campo de control ES-MaACL
005 - FECHA Y HORA DE LA ÚLTIMA TRANSACCIÓN
campo de control 20250512063038.0
007 - CAMPO FIJO DE DESCRIPCIÓN FÍSICA--INFORMACIÓN GENERAL
campo de control de longitud fija t|
008 - DATOS DE LONGITUD FIJA--INFORMACIÓN GENERAL
campo de control de longitud fija 070921s1947 sp ||||1| spa d
080 ## - NÚMERO DE LA CLASIFICACIÓN DECIMAL UNIVERSAL
Número de la Clasificación Decimal Universal 929 Stalin, Iosif Vissarionovich
080 ## - NÚMERO DE LA CLASIFICACIÓN DECIMAL UNIVERSAL
Número de la Clasificación Decimal Universal 94(47+57)"1925/53"
100 1# - ENTRADA PRINCIPAL--NOMBRE DE PERSONA
Nombre de persona Trotsky, Leon,
Fechas asociadas al nombre 1879-1940
9 (RLIN) 240350
245 10 - MENCIÓN DEL TÍTULO
Título Stalin y sus crímenes /
Mención de responsabilidad, etc. León Trostsky ; [traducción directa del ruso] ; prólogo y notas de Mauricio Karl (seud.).
260 ## - PUBLICACIÓN, DISTRIBUCIÓN, ETC.
Lugar de publicación, distribución, etc. [Madrid :
Nombre del editor, distribuidor, etc. EOS,
Fecha de publicación, distribución, etc. [1947]
300 ## - DESCRIPCIÓN FÍSICA
Extensión 304 p. ;
Dimensiones 24 cm.
600 14 - PUNTO DE ACCESO ADICIONAL DE MATERIA--NOMBRE DE PERSONA
Nombre de persona Stalin, Iosif Vissarionovich,
Fechas asociadas al nombre 1879-1953
9 (RLIN) 107862
651 #4 - PUNTO DE ACCESO ADICIONAL DE MATERIA--NOMBRE GEOGRÁFICO
Nombre geográfico URSS-
Subdivisión general Historia-
Subdivisión cronológica 1925-1953.
9 (RLIN) 9472
700 1# - ENTRADA AGREGADA--NOMBRE PERSONAL
Nombre de persona Karl, Mauricio.
9 (RLIN) 67562
852 ## - LOCALIZACIÓN
Ubicación ES-MaACL
Número de control de estantería A-4127
Sublocalización o colección R.23455
Holdings
Estatus retirado Estado de pérdida Estado de daño No para préstamo Biblioteca de origen Biblioteca actual Ubicación en estantería Fecha de adquisición Fuente de adquisición Total de préstamos Signatura topográfica completa Código de barras Visto por última vez Precio de reemplazo Tipo de ítem Koha
        Biblioteca del Ateneo de Madrid Biblioteca del Ateneo de Madrid Sala Pecera Planta 1 17/01/2008     A-4127 1153493 23/02/2023 23/02/2023 Libro impreso